| 000 | 00637nam a2200217Ia 4500 | ||
|---|---|---|---|
| 008 | 131103s9999 xx 000 0 und d | ||
| 020 | _a814704255 | ||
| 040 | _aLoreto College | ||
| 041 | _aEnglish | ||
| 082 |
_a862/CAL/862/CAl _b#NAME? |
||
| 245 |
_aCritical essays on the theatre of Calderon _cedited by Bruce W.Wardropper |
||
| 260 |
_aNew York _bUniversity Press _c1965 |
||
| 300 |
_axvi,239 p. _c 21 cm. |
||
| 504 | _aIncludes bibliographical references | ||
| 630 | _aSpanish Drama | ||
| 650 | _aCalderon | ||
| 651 | _aCriticism and Interpretation | ||
| 700 | _aWardropper,Bruce W.,ed. | ||
| 850 | _aLCLIB | ||
| 942 | _cBK | ||
| 999 |
_c13708 _d64187 |
||